| 000 | 01204cam a2200301 a 4500 | ||
|---|---|---|---|
| 001 | 1669875 | ||
| 005 | 20220326193326.0 | ||
| 008 | 980309s1998 nyua 000 0 eng | ||
| 010 | _a 98016454 | ||
| 020 | _a067944257X | ||
| 035 | _a(DLC) 98016454 | ||
| 040 |
_aDLC _cDLC _dDLC |
||
| 043 | _an-us--- | ||
| 082 | 0 | 0 |
_221 _a779.209.2 _bB 499k |
| 100 | 1 |
_aBergman, Robert. _92860 |
|
| 245 | 1 | 2 |
_aA kind of rapture / _cRobert Bergman ; introduction by Toni Morrison ; afterword by Meyer Schapiro. |
| 246 | 3 | 0 | _aRapture |
| 250 | _a1st ed. | ||
| 260 |
_aNew York : _bPantheon Books, _cc1998. |
||
| 300 |
_a1 v. (unpaged) : _bcol. ill. ; _c31 cm. |
||
| 600 | 1 | 0 |
_aBergman, Robert. _92861 |
| 650 | 0 |
_aPortrait photography _zUnited States. _92862 |
|
| 700 |
_aBergman, Robert. _92863 |
||
| 856 | 4 | 2 |
_3Contributor biographical information _uhttp://www.loc.gov/catdir/enhancements/fy1001/98016454-b.html |
| 856 | 4 | 2 |
_3Publisher description _uhttp://www.loc.gov/catdir/enhancements/fy1001/98016454-d.html |
| 906 |
_a7 _bcbc _corignew _d1 _eocip _f19 _gy-gencatlg |
||
| 999 |
_c639 _d639 |
||